Statistics for Bottom 25 Countries by Population

Click here to take the quiz!

General Stats

  • This quiz has been taken 62 times
  • The average score is 21 of 25

Answer Stats

PopulationCountry% Correct
792Vatican City
100%
33,400San Marino
98%
76,965Andorra
95%
53,127Marshall Islands
91%
11,359Nauru
91%
11,192Tuvalu
91%
105,544Federated States of Micronesia
89%
37,922Liechtenstein
89%
38,695Monaco
89%
102,012Antigua and Barbuda
88%
108,020Tonga
86%
116,398Kiribati
84%
55,345Saint Kitts and Nevis
84%
109,897Saint Vincent and the Grenadines
82%
196,440Samoa
82%
285,719Barbados
81%
178,844Saint Lucia
81%
276,244Vanuatu
81%
21,729Palau
79%
107,825Grenada
77%
94,737Seychelles
77%
73,925Dominica
75%
335,025Iceland
72%
204,327Sao Tome and Principe
72%
374,681Belize
40%

Score Distribution

Percentile by Number Answered

Percent of People with Each Score

Your Score History

You have not taken this quiz